|
|
|
|
| LEADER |
00000nam0a2200000 4500 |
| 001 |
161530 |
| 005 |
20231101222248.0 |
| 010 |
|
|
|a 9785170549665
|
| 010 |
|
|
|a 978-5-271-20728-0
|
| 035 |
|
|
|a (RuTPU)RU\TPU\book\175155
|
| 090 |
|
|
|a 161530
|
| 100 |
|
|
|a 20090609d2008 km y0rusy50 ca
|
| 101 |
0 |
|
|a rus
|
| 102 |
|
|
|a RU
|
| 105 |
|
|
|a y e 001zy
|
| 200 |
1 |
|
|a Географические названия России
|e топонимический словарь
|e более 4000 названий географических объектов России
|f Е. М. Поспелов
|
| 210 |
|
|
|a Москва
|c АСТ
|c Астрель
|d 2008
|
| 215 |
|
|
|a 526 с.
|
| 320 |
|
|
|a Принятые сокращения: с. 41-45
|
| 320 |
|
|
|a Литература: с. 48-66
|
| 320 |
|
|
|a Именной указатель: с. 523-524
|
| 330 |
|
|
|a В словаре объясняется происхождение названий географических объектов России: морей, заливов и проливов, рек, островов и полуостровов, горных хребтов и вершин, а также республик, городов, посёлков и т.д.; приводится информация об административном положении географических объектов, юс характере и статусе, подвергались ли они переименованию и каково было их название в прошлом. Словарь предваряет статья «Краткие сведения о географических названиях России», в которой рассказывается об истории изучения географических названий, влиянии социальных, экономических, географических и других факторов на историю и возникновение названий.Книга предназначена самому широкому кругу читателей.
|
| 606 |
1 |
|
|a Топонимика русского языка
|2 stltpush
|3 (RuTPU)RU\TPU\subj\61009
|9 78220
|
| 606 |
1 |
|
|a Русский язык
|x Словари
|2 stltpush
|3 (RuTPU)RU\TPU\subj\67926
|9 83518
|
| 610 |
1 |
|
|a лексика
|
| 610 |
1 |
|
|a географические названия
|
| 610 |
1 |
|
|a Россия
|
| 610 |
1 |
|
|a словари
|
| 686 |
|
|
|a Ш141.2-3
|v LBC/SL-A
|2 rubbk
|
| 686 |
|
|
|a Ш141.2-4
|v LBC/SL-A
|2 rubbk
|
| 700 |
|
1 |
|a Поспелов
|b Е. М.
|g Евгений Михайлович
|
| 801 |
|
1 |
|a RU
|b 63413507
|c 20090609
|g PSBO
|
| 801 |
|
2 |
|a RU
|b 63413507
|c 20141013
|g RCR
|
| 942 |
|
|
|c BK
|
| 959 |
|
|
|a 66/20090608
|d 1
|e 416,35
|f ЧЗСБО:1
|